000
00251nam a2200097Ia 4500
001
851088
005
20250826174449.0
008
250824s9999 xx 000 0 und d
245
0
_a
BİR ACI HİKAYE
_c
HALİD ZİYA UŞAKLIGİL
260
_b
ÖZGÜR YAYINLARI
999
_c
851088
_d
851088